| 000 | 00326nam a22001337a 4500 | ||
|---|---|---|---|
| 999 |
_c17832 _d17832 |
||
| 008 | 190712b xxu||||| |||| 00| 0 eng d | ||
| 020 | _a0340815639 | ||
| 050 |
_aKD829 _b.B73 2003 c.1 |
||
| 100 | _aBray, Judith | ||
| 245 |
_aland Law _cJudith Bray |
||
| 260 |
_aLondon _bHodder _c2003 |
||
| 300 | _av, 111p. | ||
| 942 |
_2lcc _cBK |
||